e-COMESA News - 2007: archive, Vol. 2 (Record no. 75673)

MARC details
000 -LEADER
fixed length control field 00900nam a2200193 a 4500
008 - FIXED-LENGTH DATA ELEMENTS--GENERAL INFORMATION
fixed length control field 130730s2007 ||||||||||||||||| || u
050 ## - LIBRARY OF CONGRESS CALL NUMBER
Classification number COMESA(05)
110 ## - MAIN ENTRY--CORPORATE NAME
Corporate name or jurisdiction name as entry element Common Market for Eastern and Southern Africa (COMESA)
245 10 - TITLE STATEMENT
Title e-COMESA News - 2007: archive, Vol. 2
Statement of responsibility, etc. by Common Market for Eastern and Southern Africa [COMESA]
260 ## - PUBLICATION, DISTRIBUTION, ETC.
Place of publication, distribution, etc. Lusaka:
Name of publisher, distributor, etc. Common Market for Eastern and Southern Africa (COMESA)
Date of publication, distribution, etc. 2007
300 ## - PHYSICAL DESCRIPTION
Extent 80p.: ill.
362 1# -
-- <p>2007, Archive Vol. 2</p>
490 ## -
-- e-COMESA News
490 ## -
-- Vol. 2
650 ## - SUBJECT ADDED ENTRY--TOPICAL TERM
Topical term or geographic name entry element e-COMESA--NEWS ARCHIVES
650 ## - SUBJECT ADDED ENTRY--TOPICAL TERM
Topical term or geographic name entry element COMESA--NEWS
995 ## -
-- SPECIAL COLLECTIONS
-- 862
-- CBU-MAIN LIBRARY (Kitwe)
-- COMESA(05)ECN/2007/2B
-- 2
-- AVAILABLE
-- Aug 6, 2013
-- B862
-- International Publications
995 ## -
-- SPECIAL COLLECTIONS
-- 861
-- CBU-MAIN LIBRARY (Kitwe)
-- COMESA(05)ECN/2007/2A
-- 1
-- AVAILABLE
-- Aug 6, 2013
-- B861
-- International Publications
999 ## -
-- 75673
-- 75673
Holdings
Withdrawn status Lost status Source of classification or shelving scheme Damaged status Not for loan Permanent Location Current Location Shelving location Date acquired Total Checkouts Full call number Barcode Date last seen Copy number Price effective from Koha item type
          CBU-MAIN LIBRARY, KITWE. CBU-MAIN LIBRARY, KITWE.   04/24/2023   COMESA(05) B862 04/24/2023 1 04/24/2023 SPECIAL COLLECTION
          CBU-MAIN LIBRARY, KITWE. CBU-MAIN LIBRARY, KITWE.   04/24/2023   COMESA(05) B861 04/24/2023 2 04/24/2023 SPECIAL COLLECTION